000 00793nam1a22002651i 4500
001 v19\rc\1787964
005 20240726003735.0
035 _a(NLR Aleph) 004880199
090 _a5161877
_c5161877
100 _a20061204d1905 |||y0rusy50 ca
101 0 _arus
102 _aRU
105 _a z |||||
200 1 _aУчись!
_fК. Апин
205 _a2-е испр. изд. "А" с прямым почерком. 1-
210 _aРига
_cЭ. Платес
_d1905
215 _d24
300 _a1 ч. вышла также отдельно под загл.: "Русская азбука..."
700 1 _aАпин
_bК.
801 0 _aRU
_bNLR
_gpsbo
801 0 _aRU
_bRuMoRGB
_2psbo
801 1 _aRU
_bProSoft-M
_2rusmarc
899 _aRuMoRGB
_jA 270/146
899 _aБАН
942 _cBOOK